[Event "Benidorm Satellite preliminary"]
[Site "playchess.com #007036"]
[Date "2009.10.24"]
[Round "8"]
[White "Musterlukas"]
[Black "Roefe"]
[Result "1-0"]
[WhiteElo "1804"]
[BlackElo "1729"]
[PlyCount "117"]
[EventDate "2009.10.24"]
[EventType "swiss (blitz)"]

1. d4 {[%emt 0:00:02]} d5 {[%emt 0:00:01]} 2. Nf3 {[%emt 0:00:02]} e6 {[%emt 0:
00:01]} 3. c4 {[%emt 0:00:02]} Nf6 {[%emt 0:00:01]} 4. Nc3 {[%emt 0:00:02]} Be7
{[%emt 0:00:03]} 5. Bg5 {[%emt 0:00:03]} O-O {[%emt 0:00:02]} 6. e3 {[%emt 0:
00:02]} c6 {[%emt 0:00:01]} 7. Rc1 {[%emt 0:00:02]} Re8 {[%emt 0:00:02]} 8. Bd3
{[%emt 0:00:03]} Nbd7 {[%emt 0:00:01]} 9. O-O {[%emt 0:00:02]} Nf8 {[%emt 0:00:
01]} 10. Bb1 {[%emt 0:00:05]} N6d7 {[%emt 0:00:01]} 11. Bxe7 {[%emt 0:00:02]}
Qxe7 {[%emt 0:00:00]} 12. Qb3 {[%emt 0:00:02]} f6 {[%emt 0:00:04]} 13. cxd5 {
[%emt 0:00:02]} exd5 {[%emt 0:00:01]} 14. Rfe1 {[%emt 0:00:04]} f5 {[%emt 0:00:
23]} 15. a3 {[%emt 0:00:05]} Nf6 {[%emt 0:00:04]} 16. Ba2 {[%emt 0:00:05]} h6 {
[%emt 0:00:08]} 17. Ne5 {[%emt 0:00:02]} Be6 {[%emt 0:00:12]} 18. f4 {[%emt 0:
00:04]} Kh7 {[%emt 0:00:03]} 19. Qc2 {[%emt 0:00:02]} Ne4 {[%emt 0:00:05]} 20.
Bb1 {[%emt 0:00:11]} Ng6 {[%emt 0:00:07]} 21. Qd3 {[%emt 0:00:16]} Nxe5 {[%emt
0:00:03]} 22. dxe5 {[%emt 0:00:02]} g5 {[%emt 0:00:07]} 23. Ne2 {[%emt 0:00:05]
} Kg7 {[%emt 0:00:16]} 24. Qd4 {[%emt 0:00:12]} Kg6 {[%emt 0:00:21]} 25. Bxe4 {
[%emt 0:00:06]} fxe4 {[%emt 0:00:03]} 26. Rf1 {[%emt 0:00:06]} Bg4 {[%emt 0:00:
09]} 27. Ng3 {[%emt 0:00:11]} Rf8 {[%emt 0:00:11]} 28. Rf2 {[%emt 0:00:09]} Rf7
{[%emt 0:00:03]} 29. h3 {[%emt 0:00:09]} Be6 {[%emt 0:00:05]} 30. Qd1 {[%emt 0:
00:05]} Raf8 {[%emt 0:00:18]} 31. Qh5+ {[%emt 0:00:07]} Kh7 {[%emt 0:00:01]}
32. Rcf1 {[%emt 0:00:08]} gxf4 {[%emt 0:00:12]} 33. exf4 {[%emt 0:00:02]} Bf5 {
[%emt 0:00:08]} 34. Qe2 {[%emt 0:00:13]} Rg8 {[%emt 0:00:11]} 35. Qe3 {[%emt 0:
00:01]} c5 {[%emt 0:00:12]} 36. Rc2 {[%emt 0:00:18]} d4 {[%emt 0:00:02]} 37.
Nxf5 {[%emt 0:00:02]} dxe3 {[%emt 0:00:08]} 38. Nxe7 {[%emt 0:00:02]} Rxe7 {
[%emt 0:00:00]} 39. Re2 {[%emt 0:00:07]} Rd8 {[%emt 0:00:12]} 40. Rxe3 {[%emt
0:00:02]} Rd4 {[%emt 0:00:01]} 41. Rfe1 {[%emt 0:00:05]} Kg6 {[%emt 0:00:02]}
42. Rxe4 {[%emt 0:00:02]} Kf5 {[%emt 0:00:02]} 43. g4+ {[%emt 0:00:05]} Kg6 {
[%emt 0:00:02]} 44. Rxd4 {[%emt 0:00:02]} cxd4 {[%emt 0:00:01]} 45. Rd1 {[%emt
0:00:01]} h5 {[%emt 0:00:03]} 46. Kf2 {[%emt 0:00:02]} hxg4 {[%emt 0:00:01]}
47. hxg4 {[%emt 0:00:01]} Rc7 {[%emt 0:00:01]} 48. Rd2 {[%emt 0:00:06]} Rh7 {
[%emt 0:00:06]} 49. Kf3 {[%emt 0:00:01]} Rh3+ {[%emt 0:00:02]} 50. Ke4 {[%emt
0:00:01]} Rg3 {[%emt 0:00:01]} 51. g5 {[%emt 0:00:09]} Kh5 {[%emt 0:00:08]} 52.
Rxd4 {[%emt 0:00:02]} Kg4 {[%emt 0:00:01]} 53. Kd5 {[%emt 0:00:11]} Rb3 {[%emt
0:00:01]} 54. Ke6 {[%emt 0:00:06]} Rxb2 {[%emt 0:00:02]} 55. g6 {[%emt 0:00:01]
} Kh5 {[%emt 0:00:02]} 56. f5 {[%emt 0:00:05]} Kh6 {[%emt 0:00:02]} 57. Kf6 {
[%emt 0:00:03]} Kh5 {[%emt 0:00:04]} 58. e6 {[%emt 0:00:02]} Rb6 {[%emt 0:00:
05]} 59. g7 {[%emt 0:00:02] Zeit} 1-0

[Event "Benidorm Satellite preliminary"]
[Site "playchess.com #007036"]
[Date "2009.10.24"]
[Round "8"]
[White "Paradoks10"]
[Black "jchess06"]
[Result "1-0"]
[WhiteElo "1661"]
[BlackElo "1802"]
[PlyCount "160"]
[EventDate "2009.10.24"]
[EventType "swiss (blitz)"]

1. e4 {[%emt 0:00:02]} e5 {[%emt 0:00:02]} 2. Nf3 {[%emt 0:00:02]} Nf6 {[%emt
0:00:02]} 3. Nxe5 {[%emt 0:00:04]} d6 {[%emt 0:00:02]} 4. Nf3 {[%emt 0:00:03]}
Nxe4 {[%emt 0:00:01]} 5. d4 {[%emt 0:00:01]} d5 {[%emt 0:00:01]} 6. Bd3 {[%emt
0:00:02]} Nc6 {[%emt 0:00:01]} 7. h3 {[%emt 0:00:05]} Be7 {[%emt 0:00:11]} 8.
Nc3 {[%emt 0:00:08]} Bf5 {[%emt 0:00:03]} 9. O-O {[%emt 0:00:07]} O-O {[%emt 0:
00:02]} 10. Re1 {[%emt 0:00:03]} Nxc3 {[%emt 0:00:06]} 11. bxc3 {[%emt 0:00:03]
} Bxd3 {[%emt 0:00:02]} 12. Qxd3 {[%emt 0:00:10]} Bf6 {[%emt 0:00:01]} 13. Rb1
{[%emt 0:00:06]} Rb8 {[%emt 0:00:03]} 14. Bf4 {[%emt 0:00:07]} Qd7 {[%emt 0:00:
02]} 15. Ne5 {[%emt 0:00:06]} Bxe5 {[%emt 0:00:02]} 16. Bxe5 {[%emt 0:00:02]}
Nxe5 {[%emt 0:00:02]} 17. Rxe5 {[%emt 0:00:03]} c6 {[%emt 0:00:01]} 18. Rbe1 {
[%emt 0:00:06]} Rfe8 {[%emt 0:00:02]} 19. Qg3 {[%emt 0:00:03]} Rxe5 {[%emt 0:
00:02]} 20. Qxe5 {[%emt 0:00:02]} Rd8 {[%emt 0:00:01]} 21. Qe7 {[%emt 0:00:02]}
a6 {[%emt 0:00:11]} 22. a4 {[%emt 0:00:02]} h6 {[%emt 0:00:03]} 23. f4 {[%emt
0:00:04]} b5 {[%emt 0:00:06]} 24. axb5 {[%emt 0:00:04]} cxb5 {[%emt 0:00:00]}
25. Qa3 {[%emt 0:00:07]} Qd6 {[%emt 0:00:12]} 26. Qa5 {[%emt 0:00:11]} Rc8 {
[%emt 0:00:03]} 27. g3 {[%emt 0:00:06]} Qc6 {[%emt 0:00:05]} 28. Re3 {[%emt 0:
00:06]} Rc7 {[%emt 0:00:11]} 29. Kf2 {[%emt 0:00:02]} Ra7 {[%emt 0:00:02]} 30.
Qd8+ {[%emt 0:00:06]} Kh7 {[%emt 0:00:02]} 31. Re8 {[%emt 0:00:00]} Qxc3 {
[%emt 0:00:04]} 32. Rh8+ {[%emt 0:00:09]} Kg6 {[%emt 0:00:01]} 33. Qb6+ {[%emt
0:00:02]} f6 {[%emt 0:00:03]} 34. Qxa7 {[%emt 0:00:03]} Qxc2+ {[%emt 0:00:03]}
35. Kf3 {[%emt 0:00:03]} Qd3+ {[%emt 0:00:06]} 36. Kf2 {[%emt 0:00:01]} Qd2+ {
[%emt 0:00:01]} 37. Kf1 {[%emt 0:00:01]} Qd1+ {[%emt 0:00:01]} 38. Kf2 {[%emt
0:00:02]} Qd2+ {[%emt 0:00:01]} 39. Kg1 {[%emt 0:00:03]} Qe1+ {[%emt 0:00:02]}
40. Kg2 {[%emt 0:00:01]} Qe2+ {[%emt 0:00:01]} 41. Kg1 {[%emt 0:00:02]} Qe1+ {
[%emt 0:00:04]} 42. Kg2 {[%emt 0:00:01]} Qe2+ {[%emt 0:00:02]} 43. Kg1 {[%emt
0:00:01]} Qe3+ {[%emt 0:00:05]} 44. Kf1 {[%emt 0:00:02]} Qf3+ {[%emt 0:00:01]}
45. Ke1 {[%emt 0:00:04]} Qxg3+ {[%emt 0:00:04]} 46. Kd2 {[%emt 0:00:01]} Qf2+ {
[%emt 0:00:02]} 47. Kc3 {[%emt 0:00:01]} Qe1+ {[%emt 0:00:03]} 48. Kb3 {[%emt
0:00:01]} Qd1+ {[%emt 0:00:10]} 49. Kb4 {[%emt 0:00:02]} Qd2+ {[%emt 0:00:02]}
50. Kc5 {[%emt 0:00:01]} Qa2 {[%emt 0:00:17]} 51. Rg8 {[%emt 0:00:04]} Qc4+ {
[%emt 0:00:02]} 52. Kd6 {[%emt 0:00:02]} Qb4+ {[%emt 0:00:01]} 53. Ke6 {[%emt
0:00:02]} Qe1+ {[%emt 0:00:04]} 54. Kd7 {[%emt 0:00:01]} Qe4 {[%emt 0:00:20]}
55. Re8 {[%emt 0:00:03]} Qf5+ {[%emt 0:00:02]} 56. Re6 {[%emt 0:00:09]} Kf7 {
[%emt 0:00:03]} 57. Kd6+ {[%emt 0:00:02]} Kg6 {[%emt 0:00:01]} 58. Qxa6 {[%emt
0:00:05]} Qxf4+ {[%emt 0:00:01]} 59. Kxd5 {[%emt 0:00:02]} Qf5+ {[%emt 0:00:03]
} 60. Kd6 {[%emt 0:00:03]} Qxh3 {[%emt 0:00:02]} 61. Qxb5 {[%emt 0:00:03]} Qg3+
{[%emt 0:00:04]} 62. Kd7 {[%emt 0:00:07]} h5 {[%emt 0:00:02]} 63. d5 {[%emt 0:
00:09]} Qf3 {[%emt 0:00:05]} 64. d6 {[%emt 0:00:04]} h4 {[%emt 0:00:02]} 65.
Qb1+ {[%emt 0:00:10]} Kf7 {[%emt 0:00:15]} 66. Re7+ {[%emt 0:00:02]} Kg8 {
[%emt 0:00:02]} 67. Qg6 {[%emt 0:00:08]} Qb7+ {[%emt 0:00:02]} 68. Ke6 {[%emt
0:00:07]} Qb3+ {[%emt 0:00:05]} 69. Kf5 {[%emt 0:00:04]} Qc2+ {[%emt 0:00:03]}
70. Re4 {[%emt 0:00:02]} Qc5+ {[%emt 0:00:05]} 71. Kg4 {[%emt 0:00:04]} f5+ {
[%emt 0:00:11]} 72. Qxf5 {[%emt 0:00:06]} Qg1+ {[%emt 0:00:07]} 73. Kh5 {[%emt
0:00:03]} Qd1+ {[%emt 0:00:03]} 74. Qg4 {[%emt 0:00:05]} Qxd6 {[%emt 0:00:07]}
75. Kxh4 {[%emt 0:00:01]} Qh2+ {[%emt 0:00:02]} 76. Kg5 {[%emt 0:00:03]} Qd2+ {
[%emt 0:00:02]} 77. Kg6 {[%emt 0:00:02]} Qd6+ {[%emt 0:00:01]} 78. Qe6+ {[%emt
0:00:01]} Qxe6+ {[%emt 0:00:02]} 79. Rxe6 {[%emt 0:00:00]} Kf8 {[%emt 0:00:01]}
80. Rb6 {[%emt 0:00:01]} Ke8 {[%emt 0:00:02] jchess06 abandonne} 1-0

[Event "Benidorm Satellite preliminary"]
[Site "playchess.com #007036"]
[Date "2009.10.24"]
[Round "8"]
[White "Rashid"]
[Black "Henrik"]
[Result "1-0"]
[WhiteElo "2114"]
[BlackElo "1861"]
[PlyCount "207"]
[EventDate "2009.10.24"]
[EventType "swiss (blitz)"]

1. e4 {[%emt 0:00:02]} d6 {[%emt 0:00:02]} 2. d4 {[%emt 0:00:12]} Nf6 {[%emt 0:
00:02]} 3. Nc3 {[%emt 0:00:02]} g6 {[%emt 0:00:01]} 4. f4 {[%emt 0:00:01]} Bg7
{[%emt 0:00:01]} 5. e5 {[%emt 0:00:01]} Nfd7 {[%emt 0:00:13]} 6. Nf3 {[%emt 0:
00:04]} O-O {[%emt 0:00:02]} 7. h4 {[%emt 0:00:07]} h5 {[%emt 0:00:06]} 8. e6 {
[%emt 0:00:04]} fxe6 {[%emt 0:00:13]} 9. Bd3 {[%emt 0:00:07]} Qe8 {[%emt 0:00:
08]} 10. Ng5 {[%emt 0:00:05]} Nf6 {[%emt 0:00:02]} 11. Qe2 {[%emt 0:00:09]} e5
{[%emt 0:00:03]} 12. fxe5 {[%emt 0:00:14]} dxe5 {[%emt 0:00:16]} 13. dxe5 {
[%emt 0:00:03]} Ng4 {[%emt 0:00:13]} 14. Rf1 {[%emt 0:00:40]} Rxf1+ {[%emt 0:
00:25]} 15. Qxf1 {[%emt 0:00:04]} Nc6 {[%emt 0:00:04]} 16. Nd5 {[%emt 0:00:21]}
Bxe5 {[%emt 0:01:04]} 17. Bf4 {[%emt 0:00:04]} Bxb2 {[%emt 0:00:07]} 18. Nxc7 {
[%emt 0:00:11]} Qd8 {[%emt 0:00:12]} 19. Bd2 {[%emt 0:00:45] .} Nf6 {[%emt 0:
00:17]} 20. Rb1 {[%emt 0:00:07]} Be5 {[%emt 0:00:02]} 21. Nce6 {[%emt 0:00:04]}
Bxe6 {[%emt 0:00:01]} 22. Nxe6 {[%emt 0:00:00]} Qd5 {[%emt 0:00:01]} 23. Bc4 {
[%emt 0:00:02]} Qd6 {[%emt 0:00:06]} 24. Ng5+ {[%emt 0:00:03]} Kg7 {[%emt 0:00:
01]} 25. Rxb7 {[%emt 0:00:01]} Nd4 {[%emt 0:00:02]} 26. Bc3 {[%emt 0:00:06]}
Nxc2+ {[%emt 0:00:03]} 27. Ke2 {[%emt 0:00:03]} Bxc3 {[%emt 0:00:01]} 28. Ne4 {
[%emt 0:00:04]} Qe5 {[%emt 0:00:01]} 29. Bd3 {[%emt 0:00:03]} Nd4+ {[%emt 0:00:
01]} 30. Kd1 {[%emt 0:00:01]} Qa5 {[%emt 0:00:02]} 31. Rxe7+ {[%emt 0:00:02]}
Kg8 {[%emt 0:00:05]} 32. Nxf6+ {[%emt 0:00:02]} Kf8 {[%emt 0:00:04]} 33. Nd5+ {
[%emt 0:00:02]} Nf5 {[%emt 0:00:01]} 34. Bxf5 {[%emt 0:00:02]} Qxd5+ {[%emt 0:
00:01]} 35. Bd3+ {[%emt 0:00:01]} Kxe7 {[%emt 0:00:01]} 36. Kc2 {[%emt 0:00:02]
} Kd6 {[%emt 0:00:01]} 37. Qf4+ {[%emt 0:00:03]} Kc5 {[%emt 0:00:02]} 38. Qc7+
{[%emt 0:00:01]} Kb4 {[%emt 0:00:04]} 39. Qxc3+ {[%emt 0:00:01]} Ka4 {[%emt 0:
00:01]} 40. Bc4 {[%emt 0:00:04]} Qc5 {[%emt 0:00:03]} 41. Qb3+ {[%emt 0:00:01]}
Ka5 {[%emt 0:00:01]} 42. Qc3+ {[%emt 0:00:00]} Kb6 {[%emt 0:00:01]} 43. Qb3+ {
[%emt 0:00:01]} Kc7 {[%emt 0:00:01]} 44. Qg3+ {[%emt 0:00:02]} Kd7 {[%emt 0:00:
01]} 45. Qd3+ {[%emt 0:00:03]} Qd6 {[%emt 0:00:01]} 46. Bb5+ {[%emt 0:00:02]}
Ke7 {[%emt 0:00:01]} 47. Qe4+ {[%emt 0:00:02]} Qe6 {[%emt 0:00:02]} 48. Qxa8 {
[%emt 0:00:02]} Qxa2+ {[%emt 0:00:02]} 49. Kc3 {[%emt 0:00:01]} Qa3+ {[%emt 0:
00:03]} 50. Kc4 {[%emt 0:00:01]} Qc1+ {[%emt 0:00:02]} 51. Kb4 {[%emt 0:00:01]}
Qd2+ {[%emt 0:00:02]} 52. Ka4 {[%emt 0:00:01]} Qa2+ {[%emt 0:00:01]} 53. Kb4 {
[%emt 0:00:01]} Qb2+ {[%emt 0:00:01] Henrik bietet Remis} 54. Kc5 {[%emt 0:00:
02]} Qc3+ {[%emt 0:00:02]} 55. Bc4 {[%emt 0:00:01]} Qa3+ {[%emt 0:00:03]} 56.
Kd4 {[%emt 0:00:01]} Qb2+ {[%emt 0:00:01]} 57. Kd3 {[%emt 0:00:01]} Qb1+ {
[%emt 0:00:03]} 58. Kc3 {[%emt 0:00:01]} Qc1+ {[%emt 0:00:01]} 59. Kb4 {[%emt
0:00:01]} Qb2+ {[%emt 0:00:01]} 60. Bb3 {[%emt 0:00:00]} Qd4+ {[%emt 0:00:01]}
61. Ka3 {[%emt 0:00:01]} Qa1+ {[%emt 0:00:02]} 62. Kb4 {[%emt 0:00:03]} Qd4+ {
[%emt 0:00:01]} 63. Bc4 {[%emt 0:00:04]} Qb2+ {[%emt 0:00:01]} 64. Kc5 {[%emt
0:00:01]} Qb6+ {[%emt 0:00:02]} 65. Kd5 {[%emt 0:00:03]} Qd6+ {[%emt 0:00:01]}
66. Ke4 {[%emt 0:00:01]} Qc5 {[%emt 0:00:06]} 67. Qd5 {[%emt 0:00:02]} Qa3 {
[%emt 0:00:07]} 68. Qe6+ {[%emt 0:00:02]} Kd8 {[%emt 0:00:02]} 69. Qd5+ {[%emt
0:00:03]} Kc7 {[%emt 0:00:01]} 70. Qe5+ {[%emt 0:00:03]} Kb6 {[%emt 0:00:02]}
71. Qb8+ {[%emt 0:00:02]} Kc6 {[%emt 0:00:05]} 72. Bd5+ {[%emt 0:00:02]} Kd7 {
[%emt 0:00:01]} 73. Qb7+ {[%emt 0:00:02]} Kd6 {[%emt 0:00:03]} 74. Qc6+ {[%emt
0:00:01]} Ke7 {[%emt 0:00:01]} 75. Qe6+ {[%emt 0:00:01]} Kd8 {[%emt 0:00:01]}
76. Qg8+ {[%emt 0:00:01]} Kc7 {[%emt 0:00:02]} 77. Qf7+ {[%emt 0:00:01]} Kd8 {
[%emt 0:00:05]} 78. Qf6+ {[%emt 0:00:02]} Kc7 {[%emt 0:00:03]} 79. Qe5+ {[%emt
0:00:02]} Kd7 {[%emt 0:00:01]} 80. Be6+ {[%emt 0:00:01]} Kc6 {[%emt 0:00:03]}
81. Qd5+ {[%emt 0:00:01]} Kb6 {[%emt 0:00:01]} 82. Qd4+ {[%emt 0:00:03]} Kc7 {
[%emt 0:00:03]} 83. Qc4+ {[%emt 0:00:02]} Kd6 {[%emt 0:00:02]} 84. Qd5+ {[%emt
0:00:01]} Kc7 {[%emt 0:00:01]} 85. Qd7+ {[%emt 0:00:01]} Kb6 {[%emt 0:00:01]}
86. Bd5 {[%emt 0:00:05]} Qb4+ {[%emt 0:00:02]} 87. Ke5 {[%emt 0:00:01]} Qc3+ {
[%emt 0:00:01]} 88. Ke6 {[%emt 0:00:02]} Qe3+ {[%emt 0:00:04]} 89. Kf7 {[%emt
0:00:02]} Qf4+ {[%emt 0:00:02]} 90. Kxg6 {[%emt 0:00:03]} Qxh4 {[%emt 0:00:03]}
91. Qe6+ {[%emt 0:00:02]} Kc5 {[%emt 0:00:00]} 92. Qc6+ {[%emt 0:00:02]} Kb4 {
[%emt 0:00:01]} 93. Qb7+ {[%emt 0:00:05]} Kc3 {[%emt 0:00:02]} 94. Qc7+ {[%emt
0:00:06]} Kd2 {[%emt 0:00:01]} 95. Qa5+ {[%emt 0:00:05]} Ke3 {[%emt 0:00:02]}
96. Qc3+ {[%emt 0:00:02]} Kf2 {[%emt 0:00:02]} 97. Qd2+ {[%emt 0:00:02]} Kg1 {
[%emt 0:00:01]} 98. Qe3+ {[%emt 0:00:02]} Kh2 {[%emt 0:00:05]} 99. Qe5+ {[%emt
0:00:01]} Kg1 {[%emt 0:00:03]} 100. Qxh5 {[%emt 0:00:01]} Qd4 {[%emt 0:00:02]}
101. Qf5 {[%emt 0:00:04]} Qb6+ {[%emt 0:00:03]} 102. Qe6 {[%emt 0:00:03]} Qd4 {
[%emt 0:00:02]} 103. g4 {[%emt 0:00:01]} Kh2 {[%emt 0:00:03]} 104. g5 {[%emt 0:
00:01] Zeit} 1-0

[Event "Benidorm Satellite preliminary"]
[Site "playchess.com #007036"]
[Date "2009.10.24"]
[Round "9"]
[White "Nitroglycérine"]
[Black "Hauberk"]
[Result "1/2-1/2"]
[WhiteElo "1881"]
[BlackElo "2379"]
[PlyCount "23"]
[EventDate "2009.10.24"]
[EventType "swiss (blitz)"]

1. e4 {[%emt 0:00:01]} e5 {[%emt 0:00:01]} 2. Nf3 {[%emt 0:00:00]} Nc6 {[%emt
0:00:01]} 3. Bb5 {[%emt 0:00:00]} a6 {[%emt 0:00:01]} 4. Ba4 {[%emt 0:00:00]}
Nf6 {[%emt 0:00:01]} 5. O-O {[%emt 0:00:00]} Be7 {[%emt 0:00:01]} 6. Re1 {
[%emt 0:00:00]} b5 {[%emt 0:00:01]} 7. Bb3 {[%emt 0:00:00]} O-O {[%emt 0:00:01]
} 8. h3 {[%emt 0:00:00]} Re8 {[%emt 0:00:02]} 9. Ng5 {[%emt 0:00:03]} Rf8 {
[%emt 0:00:02]} 10. Nf3 {[%emt 0:00:00]} Re8 {[%emt 0:00:01]} 11. Ng5 {[%emt 0:
00:01]} Rf8 {[%emt 0:00:01]} 12. Nf3 {[%emt 0:00:00]} 1/2-1/2

[Event "Benidorm Satellite preliminary"]
[Site "playchess.com #007036"]
[Date "2009.10.24"]
[Round "9"]
[White "Wethalon"]
[Black "Jahhaj"]
[Result "1-0"]
[WhiteElo "2456"]
[BlackElo "1934"]
[PlyCount "25"]
[EventDate "2009.10.24"]
[EventType "swiss (blitz)"]

1. e4 {[%emt 0:00:02]} e6 {[%emt 0:00:01]} 2. Nc3 {[%emt 0:00:02]} d5 {[%emt 0:
00:01]} 3. e5 {[%emt 0:00:00]} c5 {[%emt 0:00:02]} 4. f4 {[%emt 0:00:01]} Nc6 {
[%emt 0:00:02]} 5. Nf3 {[%emt 0:00:01]} Nh6 {[%emt 0:00:05]} 6. g3 {[%emt 0:00:
01]} Nf5 {[%emt 0:00:04]} 7. d3 {[%emt 0:00:01]} Be7 {[%emt 0:00:02]} 8. Bg2 {
[%emt 0:00:01]} b6 {[%emt 0:00:07]} 9. O-O {[%emt 0:00:02]} Bb7 {[%emt 0:00:01]
} 10. g4 {[%emt 0:00:04]} Nh4 {[%emt 0:00:05]} 11. Nxh4 {[%emt 0:00:01]} Bxh4 {
[%emt 0:00:01]} 12. g5 {[%emt 0:00:01]} h6 {[%emt 0:00:04]} 13. Qh5 {[%emt 0:
00:02] Jahhaj resigns} 1-0

[Event "Benidorm Satellite preliminary"]
[Site "playchess.com #007036"]
[Date "2009.10.24"]
[Round "9"]
[White "Misu2008"]
[Black "Scottie"]
[Result "0-1"]
[WhiteElo "1851"]
[BlackElo "2263"]
[PlyCount "20"]
[EventDate "2009.10.24"]
[EventType "swiss (blitz)"]

1. c4 {[%emt 0:00:06]} e5 {[%emt 0:00:02]} 2. g3 {[%emt 0:00:02]} Nf6 {[%emt 0:
00:01]} 3. Bg2 {[%emt 0:00:05]} c6 {[%emt 0:00:01]} 4. Nc3 {[%emt 0:00:04]} d5
{[%emt 0:00:02]} 5. cxd5 {[%emt 0:00:18]} cxd5 {[%emt 0:00:00]} 6. d4 {[%emt 0:
00:01]} exd4 {[%emt 0:00:02]} 7. Qxd4 {[%emt 0:00:01]} Nc6 {[%emt 0:00:00]} 8.
Qa4 {[%emt 0:00:15]} d4 {[%emt 0:00:03]} 9. Ne4 {[%emt 0:00:15]} Nxe4 {[%emt 0:
00:20]} 10. Bxe4 {[%emt 0:00:02]} Bb4+ {[%emt 0:00:03] Misu2008 resigns} 0-1

[Event "Benidorm Satellite preliminary"]
[Site "playchess.com #007036"]
[Date "2009.10.24"]
[Round "9"]
[White "Direchess"]
[Black "Pepecuenca2"]
[Result "0-1"]
[WhiteElo "2003"]
[BlackElo "2428"]
[PlyCount "32"]
[EventDate "2009.10.24"]
[EventType "swiss (blitz)"]

1. e4 {[%emt 0:00:02]} e5 {[%emt 0:00:03]} 2. d4 {[%emt 0:00:01]} exd4 {[%emt
0:00:01]} 3. Qxd4 {[%emt 0:00:00]} Nc6 {[%emt 0:00:03]} 4. Qe3 {[%emt 0:00:01]}
Be7 {[%emt 0:00:01]} 5. Nc3 {[%emt 0:00:01]} Nf6 {[%emt 0:00:01]} 6. Bd2 {
[%emt 0:00:01]} d5 {[%emt 0:00:43]} 7. exd5 {[%emt 0:00:00]} Nb4 {[%emt 0:00:
01]} 8. Bc4 {[%emt 0:00:14]} Nxc2+ {[%emt 0:00:02]} 9. Kf1 {[%emt 0:00:10]}
Nxe3+ {[%emt 0:00:02]} 10. Bxe3 {[%emt 0:00:00]} O-O {[%emt 0:00:03]} 11. Rd1 {
[%emt 0:00:02]} Ng4 {[%emt 0:00:05]} 12. Bc1 {[%emt 0:00:04]} Bc5 {[%emt 0:00:
06]} 13. Nh3 {[%emt 0:00:02]} Ne5 {[%emt 0:00:02]} 14. Be2 {[%emt 0:00:02]}
Bxh3 {[%emt 0:00:02]} 15. gxh3 {[%emt 0:00:02]} Qh4 {[%emt 0:00:00]} 16. Kg2 {
[%emt 0:00:01]} Qxf2# {[%emt 0:00:03]} 0-1

[Event "Benidorm Satellite preliminary"]
[Site "playchess.com #007036"]
[Date "2009.10.24"]
[Round "9"]
[White "Benitotj"]
[Black "Pfleger"]
[Result "1-0"]
[WhiteElo "1460"]
[BlackElo "1677"]
[PlyCount "37"]
[EventDate "2009.10.24"]
[EventType "swiss (blitz)"]

1. e4 {[%emt 0:00:02]} e5 {[%emt 0:00:04]} 2. Nf3 {[%emt 0:00:01]} Nc6 {[%emt
0:00:05]} 3. d4 {[%emt 0:00:02]} exd4 {[%emt 0:00:03]} 4. Nxd4 {[%emt 0:00:02]}
Bc5 {[%emt 0:00:01]} 5. Nxc6 {[%emt 0:00:05]} dxc6 {[%emt 0:00:02]} 6. Qxd8+ {
[%emt 0:00:03]} Kxd8 {[%emt 0:00:01]} 7. Be2 {[%emt 0:00:03]} Be6 {[%emt 0:00:
01]} 8. O-O {[%emt 0:00:02]} Nf6 {[%emt 0:00:01]} 9. Nc3 {[%emt 0:00:07]} h6 {
[%emt 0:00:10]} 10. Bd3 {[%emt 0:00:03]} Ke7 {[%emt 0:00:02]} 11. Be3 {[%emt 0:
00:04]} Bb6 {[%emt 0:00:07]} 12. Bxb6 {[%emt 0:00:07]} cxb6 {[%emt 0:00:01]}
13. f4 {[%emt 0:00:02]} Rhd8 {[%emt 0:00:08]} 14. f5 {[%emt 0:00:02]} Bd7 {
[%emt 0:00:08]} 15. Rae1 {[%emt 0:00:09]} Kf8 {[%emt 0:00:02]} 16. e5 {[%emt 0:
00:05]} Nd5 {[%emt 0:00:09]} 17. e6 {[%emt 0:00:09]} fxe6 {[%emt 0:00:15]} 18.
fxe6+ {[%emt 0:00:06]} Nf6 {[%emt 0:00:01]} 19. e7+ {[%emt 0:00:04] Pfleger
gibt auf} 1-0

[Event "Benidorm Satellite preliminary"]
[Site "playchess.com #007036"]
[Date "2009.10.24"]
[Round "9"]
[White "Daisuke"]
[Black "Knetterbernd"]
[Result "0-1"]
[WhiteElo "1830"]
[BlackElo "2189"]
[PlyCount "44"]
[EventDate "2009.10.24"]
[EventType "swiss (blitz)"]

1. Nc3 {[%emt 0:00:02]} Nf6 {[%emt 0:00:02]} 2. e4 {[%emt 0:00:02]} e5 {[%emt
0:00:01]} 3. d3 {[%emt 0:00:04]} d5 {[%emt 0:00:03]} 4. exd5 {[%emt 0:00:02]}
Nxd5 {[%emt 0:00:01]} 5. Nxd5 {[%emt 0:00:03]} Qxd5 {[%emt 0:00:01]} 6. Qf3 {
[%emt 0:00:02]} Be6 {[%emt 0:00:03]} 7. Bd2 {[%emt 0:00:02]} Nc6 {[%emt 0:00:
03]} 8. Be2 {[%emt 0:00:01]} Nd4 {[%emt 0:00:03]} 9. Qxd5 {[%emt 0:00:06]} Bxd5
{[%emt 0:00:00]} 10. Bf3 {[%emt 0:00:37]} Bxf3 {[%emt 0:00:05]} 11. Nxf3 {
[%emt 0:00:01]} Nxc2+ {[%emt 0:00:01]} 12. Ke2 {[%emt 0:00:01]} Nxa1 {[%emt 0:
00:01]} 13. Rxa1 {[%emt 0:00:01]} Bd6 {[%emt 0:00:02]} 14. Bc3 {[%emt 0:00:01]}
O-O-O {[%emt 0:00:05]} 15. Re1 {[%emt 0:00:04]} f6 {[%emt 0:00:02]} 16. Kf1 {
[%emt 0:00:02]} Bc5 {[%emt 0:00:03]} 17. Rd1 {[%emt 0:00:02]} Rd7 {[%emt 0:00:
06]} 18. d4 {[%emt 0:00:13]} Rhd8 {[%emt 0:00:05]} 19. Ke2 {[%emt 0:00:05]}
Bxd4 {[%emt 0:00:02]} 20. Nxd4 {[%emt 0:00:03]} exd4 {[%emt 0:00:01]} 21. Bb4 {
[%emt 0:00:03]} d3+ {[%emt 0:00:02]} 22. Kd2 {[%emt 0:00:02]} Re8 {[%emt 0:00:
03] Daisuke gibt auf} 0-1

[Event "Benidorm Satellite preliminary"]
[Site "playchess.com #007036"]
[Date "2009.10.24"]
[Round "9"]
[White "RKO DRM"]
[Black "Ozmarabagi"]
[Result "1/2-1/2"]
[WhiteElo "1662"]
[BlackElo "1937"]
[PlyCount "37"]
[EventDate "2009.10.24"]
[EventType "swiss (blitz)"]

1. d4 {[%emt 0:00:01]} d5 {[%emt 0:00:01]} 2. e3 {[%emt 0:00:07]} Nf6 {[%emt 0:
00:02]} 3. c4 {[%emt 0:00:01]} c6 {[%emt 0:00:01]} 4. Nf3 {[%emt 0:00:01]} e6 {
[%emt 0:00:01]} 5. Nc3 {[%emt 0:00:01]} Be7 {[%emt 0:00:01]} 6. Qb3 {[%emt 0:
00:01]} O-O {[%emt 0:00:01]} 7. Be2 {[%emt 0:00:01]} a6 {[%emt 0:00:03]} 8. O-O
{[%emt 0:00:01]} dxc4 {[%emt 0:00:01]} 9. Bxc4 {[%emt 0:00:02]} b5 {[%emt 0:00:
00]} 10. Bd3 {[%emt 0:00:04]} Bb7 {[%emt 0:00:00]} 11. Bd2 {[%emt 0:00:02]} c5
{[%emt 0:00:06]} 12. Be2 {[%emt 0:00:09]} Nbd7 {[%emt 0:00:07]} 13. a3 {[%emt
0:00:08]} Rc8 {[%emt 0:00:10]} 14. Rac1 {[%emt 0:00:01]} cxd4 {[%emt 0:00:25]}
15. Nxd4 {[%emt 0:00:06]} Nc5 {[%emt 0:00:02]} 16. Qd1 {[%emt 0:00:06]} e5 {
[%emt 0:00:05]} 17. Nf3 {[%emt 0:00:04]} Bxf3 {[%emt 0:00:18]} 18. Bxf3 {[%emt
0:00:01]} Nd3 {[%emt 0:00:08]} 19. Rb1 {[%emt 0:00:03] Ozmarabagi ofrece tablas
} 1/2-1/2